| 000 | 00776nam a22002177a 4500 | ||
|---|---|---|---|
| 005 | 20160627195857.0 | ||
| 008 | 160506b xxu||||| |||| 00| 0 spa d | ||
| 022 | _a03793982 | ||
| 082 | _aTecnología en Marcha Vol 25, N° 6 2012 | ||
| 100 |
_aHernández Navarro, Juan Rafael _99931 |
||
| 100 |
_aMora Sánchez, Amílkar _99934 |
||
| 245 | _aPromoción del Desarrollo Económico Local (DEL): experiencias desde el turismo rural comunitario | ||
| 260 |
_aCosta Rica _bEditorial Tecnológica de Costa Rica _c2012 |
||
| 300 | _apáginas 104-111 | ||
| 440 |
_aTecnología en Marcha _911798 |
||
| 650 |
_aDESARROLLO ECONÓMICO LOCAL _99936 |
||
| 650 |
_aTURISMO RURAL _91917 |
||
| 650 |
_aTURISMO COMUNITARIO _92853 |
||
| 650 |
_aDESARROLLO RURAL _99937 |
||
| 942 | _cREV | ||
| 999 |
_c8105 _d8105 |
||